[Event "Udaipur Lakecity op 3rd"]
[Site "Udaipur"]
[Date "2019.03.28"]
[Round "1"]
[White "Rao, Vishwas"]
[Black "Sudhanshu, Ranjan"]
[Result "0-1"]
[WhiteElo "1233"]
[BlackElo "2056"]
[PlyCount "110"]
[EventDate "2019.03.28"]
[EventType "swiss"]
[EventRounds "8"]
[EventCountry "IND"]
[SourceTitle "CBM 189 Extra"]
[Source "ChessBase"]
[SourceDate "2019.06.03"]
[SourceVersion "1"]
[SourceVersionDate "2019.06.03"]
[SourceQuality "1"]

1. e4 c5 2. c3 d5 3. e5 Nc6 4. d4 Bf5 5. Be3 cxd4 6. cxd4 e6 7. a3 Nge7 8. Nc3 Bg6 9. Bd3 Nf5 10. Nf3 Be7 11. 0-0 Nxe3 12. fxe3 0-0 13. Ne2 Qb6 14. Rb1 Na5 15. Bxg6 hxg6 16. Nd2 Rac8 17. b4 Nc4 18. Nxc4 Rxc4 19. Rb3 Qc7 20. Qe1 Rc2 21. g3 Qc4 22. Rc3 Qxe2 23. Qxe2 Rxe2 24. Rfc1 Bg5 25. Kf1 Rxh2 26. Kg1 Re2 27. Kf1 Rh2 28. Kg1 Ra2 29. Kf1 b6 30. Rd3 f6 31. exf6 Rxf6+ 32. Ke1 Rf3 33. Rc8+ Kh7 34. Rcc3 Rxg3 35. Kf1 Rgg2 36. e4 Raf2+ 37. Ke1 Bd2+ 38. Rxd2 Rxd2 39. exd5 exd5 40. Rh3+ Kg8 41. Re3 Rxd4 42. Re7 Re4+ 43. Rxe4 dxe4 44. a4 Kf7 45. Kf1 Ra2 46. a5 Ke6 47. axb6 axb6 48. Ke1 Ke5 49. b5 Kd4 50. Kd1 Kd3 51. Ke1 g5 52. Kf1 Ke3 53. Kg1 Kf3 54. Kh1 Kg3 55. Kg1 Ra1# 0-1